000 00860cam a22002653a 4500
001 26477
003 PGUSA
005 20140828083554.0
008 080829s2008||||xxu|||||s|||||000 | eng d
040 _aPGUSA
_beng
042 _adc
050 4 _aMT
100 1 _aTosi, Pier Francesco,
_d-1732
245 1 0 _aObservations on the Florid Song; Or, Sentiments on the Ancient and Modern Singers
_h[electronic resource] /
_cPier Francesco Tosi
260 _bProject Gutenberg,
_c2008
506 _aPublic domain in the USA.
516 _aElectronic text
653 _aPerformance practice (Music) -- Early works to 1800
653 _aSinging
700 1 _aGalliard, John Ernest,
_d-1747
740 0 _aOpinioni de' cantori antichi e moderni. English
830 0 _aProject Gutenberg
_v26477
856 4 0 _uhttp://www.gutenberg.org/ebooks/26477
942 _cEB
999 _c255732
_d255732